00000000nam##2200000za#4500
0019.621965
003CaOODSP
00520200327171242
007ta
008150406|1992||||xxc|||||     f|0| 0 fre|d
040 |aCaOODSP|bfre
043 |an-cn---
0861 |aFs97-6/1871F
1101 |aCanada. |bMinistère des pêches et des océans.
24510|aRéouverture de la lagune du Havre aux Basques: étude numérique des conditions d'écoulement / |cpar J. F. Bellemare et al.
260 |aOttawa - Ontario : |bPêches et Océans Canada |c1992.
300 |a60p. : |bfigures (certaines en couleur), références, tableaux ; |c28 cm.
4901 |aRapport technique canadien des sciences halieutiques et aquatiques|v1871
500 |aPréparé au Ministère des Pêches et des Océans, Direction de la Gestion des pêches et de l'habitat, Division de la Gestion de l'habitat du poisson, Gare maritime Champlain, C.P. 15 500, 901, Cap Diamant, Quebec (Québec) G1K 7Y7.
546 |aAbstracts in English
563 |aCouverture souple
69107|aPoisson|2gcpds
69107|aHabitat|2gcpds
69107|aGestion de l'eau|2gcpds
7201 |aBellemare, J. F.
7760#|tRéouverture de la lagune du Havre aux Basques : |w(CaOODSP)9.603998
830#0|aRapport technique canadien des sciences halieutiques et aquatiques ;|v1871|w(CaOODSP)9.513051